00297nam a2200133Ia 45000030006000000080041000060400015000471000021000622450020000832600027001033000006001305460010001360050017001460STCL150530s9999 xx 000 0 und d aSTCLcSTCL aKedarnath Mishra aMukthi Samgramb bAnupam Prakashanc1942 a0 aHindi20220125171212.0